| 000 | 00422nam a2200133 4500 | ||
|---|---|---|---|
| 008 | 040528sarsh us eng | ||
| 090 |
_aBT767 _bH77l |
||
| 100 | 1 | _aHopkins, Evan H. | |
| 245 | 1 | 0 |
_aThe law of liberty in the spiritual life / _cEvan H. Hopkins. |
| 260 |
_aLondon, _cMarshall Morgan & Scott. |
||
| 300 | _a128 p. | ||
| 650 | 4 | _aHoliness | |
| 951 |
_p4103 _x00006656 _oBT767/H77l-2 _j070613111357390 _d2000-12-21 _cGC |
||
| 999 |
_c20092 _d20092 |
||